Science Quiz

Random Science or Animal Quiz

Real Dog Breeds Quiz Stats

 Plays Quiz Updated Jul 1, 2014

Support Sporcle.
Go Orange.
Score 0/50 Timer 04:00
3 Plays Today
% Correct
German Shepherd
92.4%
Pug
92.3%
Beagle
92.2%
Golden Retriever
92.1%
Rottweiler
92%
Great Dane
92%
Chihuahua
91.9%
Dalmatian
91.9%
Yorkshire Terrier
91.7%
Jack Russell Terrier
91.4%
Dachshund
91.2%
Border Collie
91.2%
Siberian Husky
91.1%
Basset Hound
91%
Shih Tzu
91%
Bloodhound
90.4%
Bull Terrier
90.2%
Pomeranian
89.9%
Miniature Poodle
89.2%
Scottish Terrier
87.4%
Irish Wolfhound
86.4%
Newfoundland
86%
Pekingese
85.7%
Pointer
84.4%
Welsh Terrier
82.8%
% Correct
Bichon Frise
82.8%
Whippet
82.5%
Akita
80.9%
Weimaraner
77.6%
Papillon
75.2%
English Toy Spaniel
73.7%
Rhodesian Ridgeback
72.1%
Norwegian Elkhound
68.3%
Affenpinscher
65%
Basenji
63.7%
Saluki
61.8%
Borzoi
61%
Otterhound
61%
Finnish Spitz
57.2%
Vizsla
55.4%
Pharaoh Hound
54.1%
Belgian Malinois
53.6%
Swedish Vallhund
48.9%
Wirehaired Pointing Griffon
48.8%
Black Russian Terrier
46%
Clumber Spaniel
44.1%
Lowchen
40.9%
Harrier
38%
Kuvasz
31.9%
Plott
26%

From the Vault

TV Dad Occupations

by MrChewypoo

These are their occupations after being a dad.
Remove Ads.
Support Sporcle.
Get the best of Sporcle when you Go Orange. This ad-free experience offers more features, more stats, and more fun while also helping to support Sporcle. Thank you for becoming a member.

Show Comments

Extras

Top Quizzes Today


Score Distribution

Your Account Isn't Verified!

In order to create a playlist on Sporcle, you need to verify the email address you used during registration. Go to your Sporcle Settings to finish the process.

Report this User

Report this user for behavior that violates our Community Guidelines.

Details: